000 00340nam a22001217a 4500
082 _a340.076
_bCHA
100 _aChaudhary, M.A.
245 _aLaw Objectives Par-II:
_bfor LLB, Judiciary & Competitive Exams /
_cM.A. Chaudhary
260 _aLahore :
_bNadeem Book Fort,
_cN.A.
300 _a264 p.
563 _aHB.
942 _2ddc
_cBK
999 _c613688
_d613688